| 000 | 01268cam a2200313 a 4500 | ||
|---|---|---|---|
| 999 |
_c27049 _d27049 |
||
| 001 | 2564724 | ||
| 003 | OSt | ||
| 005 | 20170207110513.0 | ||
| 008 | 950120s1994 at a bc 001 0beng | ||
| 010 | _a 95106671 | ||
| 020 | _a073058917X | ||
| 040 |
_aDLC _cDLC _dDLC |
||
| 043 | _au-at--- | ||
| 050 | 0 | 0 | _aND1105.M33E44 1994 |
| 082 | 0 | 0 |
_a759.994 _aB _220 |
| 100 | 1 |
_aEllis, Elizabeth, _d1994- |
|
| 245 | 1 | 0 |
_aConrad Martens : _blife & art / _cElizabeth Ellis. |
| 260 |
_aSydney, NSW : _bState Library of New South Wales Press, _c1994. |
||
| 300 |
_a212 p. : _bill. (some col.) ; _c26 x 31 cm. |
||
| 500 | _aIncludes bibliographical references (p. [138]-143) and index. | ||
| 600 | 1 | 0 |
_aMartens, Conrad, _d1801-1878 _xCriticism and interpretation. |
| 600 | 1 | 0 |
_aMartens, Conrad, _d1801-1878 _xCatalogs. |
| 650 | 0 |
_aPainters _zAustralia _xBiography. |
|
| 906 |
_a7 _bcbc _corignew _d3 _encip _f19 _gy-gencatlg |
||
| 942 |
_2lcc _cBOOKS _hND1105.M33E44 1994 _k34577 |
||